| 000 | 00625nam a2200229Ia 4500 | ||
|---|---|---|---|
| 005 | 20260430150237.0 | ||
| 008 | 008 250103s9999 xx 000 0 eng d | ||
| 037 | _aTheses | ||
| 040 | _aCRL | ||
| 040 | _beng | ||
| 040 | _ceng | ||
| 041 | _2eng | ||
| 041 | _aeng | ||
| 084 | _qCRL | ||
| 100 |
_aSaxena Megha Au.; Saxena Reena Gu. _91236913 |
||
| 245 | 0 | _aRole of Functionalized nanomaterials in Removal of Organic Contaminants from water | |
| 260 | _c2021 | ||
| 300 | _a229p. | ||
| 700 |
_aUniversity of Delhi. Faculty of Science. Depatment of Chemistry _91236839 |
||
| 942 | _cTH | ||
| 999 |
_c1849310 _d1849310 |
||